000 00379nam a2200145Ia 4500
008 240624s9999 xx 000 0 und d
041 _aeng
082 _a658.408 TRI
100 _aTRICKER BOB
245 _aCORPORATE GOVERNANCE PRINCIPLES POLICIES
250 _a(2nd ed.)
260 _c2012
_aNew Delhi
_bOxford India
300 _axxv, : 546 : p. : cm. ; 24
365 _cRS
_b30
999 _c21658
_d21658